000 00462nam a2200193Ia 4500
003 GCL
008 140319s9999 xx 000 0 eng d
040 _aGCL /
_cGCL
082 0 4 _a636.928
_bS S
100 1 _aSTONE, JEFF
245 1 0 _aSCENTS /
_cSTONE, JEFF
700 1 _aGROSS, KIM JOHNSON
260 _a[S.N] :
_bTHAMES AND HUDSON ،
_c1993
300 _a94 P P
650 0 4 _aFLOWERS
650 0 4 _aHERBS
650 0 4 _aFRAGRANA PLANTS
942 _2ddc
_cBK
999 _c12030
_d12030